00880cam a22002411 450000100100000000500170001000800410002704000360006808200180010410000370012224500870015926000540024630000210030049000150032165000310033665000360036770000340040383000220043791000370045904900090049695201160050599900170062100001855520200929165825.0750731s1944 xx 000 0 eng  aDO-SdBNPcFMdOCoLCdDLCdBNPHU a813.54bC363m1 aCather, Willa,d1873-194794012913aLa muerte viene hacia el arzobispo /cWilla Cather ; traducción Horacio Laurora. aBuenos Aires, Argentina :bEmece editores,c1944. a281 p. ;c20 cm.1 aLa Quimera 4aNovela estadounidense9262 4aLiteratura estadunidense9401301 aLaurora, Horacio,etr.940131 0aLa Quimera940132 aCatalogación por derivada / LC aBNGR 001050718MOaGRbGRcCTd2010-05-11iLF1l0o813.54 C363mp18555-10r2020-06-25w2020-06-25y1ZNo se presta c18075d18075